| 000 | 00765cam a2200253 i 4500 | ||
|---|---|---|---|
| 999 |
_c200454870 _d73082 |
||
| 001 | 000764112 | ||
| 003 | TR-AnTOB | ||
| 005 | 20231009134215.0 | ||
| 007 | ta | ||
| 008 | 080717s1991 tu d f 000 0 tur | ||
| 040 |
_aTR-AnTOB _beng _erda _cTR-AnTOB |
||
| 041 | 1 | _atur | |
| 060 | _aWA 308 | ||
| 096 |
_aWA308 _bF198 1991 TıpFaK |
||
| 245 | 1 | 0 |
_aMayo clinic family health book / _cThe ultimate home medical reference. |
| 246 | 1 | 1 | _aMayo klinik aile sağlık ansiklopedisi |
| 264 | 1 |
_aNewburyport : _bMayo Foundation for Medical Education & Research, _c1991. |
|
| 300 |
_a335 pages ; _c23 cm |
||
| 336 |
_atext _btxt _2rdacontent |
||
| 337 |
_aunmediated _bn _2rdamedia |
||
| 338 |
_avolume _bnc _2rdacarrier |
||
| 942 |
_2NLM _cBK |
||